000 00532nam a22001577a 4500
999 _c534784
_d534784
020 _qHard Cover.
082 _a621.3678
100 _aKhan, Junaid Aziz
245 _aEvaluation of Hyperspectral Imagery for the Identification and Mapping of Minerals /
_cJunaid Aziz Khan.
260 _aIslamabad:
_bSCEE - NUST,
_c2013.
300 _a84 p. :
_bill. ;
_c30cm.
942 _2ddc
_cTHE
650 _aRemote Sensing and GIS MS-Thesis.
_916703
700 _aDr. Javed Iqbal
_925404